De l'humanité, de son principe, et de son avenir ... / (Record no. 157564)

MARC details
000 -LEADER
campo de control de longitud fija 00826nam a22002295i 4500
001 - NÚMERO DE CONTROL
campo de control 157564
003 - IDENTIFICADOR DE NÚMERO DE CONTROL
campo de control ES-MaACL
005 - FECHA Y HORA DE LA ÚLTIMA TRANSACCIÓN
campo de control 20250801034205.0
008 - DATOS DE LONGITUD FIJA--INFORMACIÓN GENERAL
campo de control de longitud fija 990315s1845 fr |||| | fre d
040 ## - FUENTE DE CATALOGACIÓN
Centro catalogador/agencia de origen CCPB | B
Lengua de catalogación spa
Centro/agencia transcriptor CCPB | B
100 1# - ENTRADA PRINCIPAL--NOMBRE DE PERSONA
Nombre de persona Leroux, Pierre,
Fechas asociadas al nombre 1797-1871
9 (RLIN) 128894
245 10 - MENCIÓN DEL TÍTULO
Título De l'humanité, de son principe, et de son avenir ... /
Mención de responsabilidad, etc. par Pierre Leroux.
250 ## - MENCION DE EDICION
Mención de edición Deuxième édition.
260 ## - PUBLICACIÓN, DISTRIBUCIÓN, ETC.
Lugar de publicación, distribución, etc. Paris :
Nombre del editor, distribuidor, etc. Perrotin, Libraire-Éditeur,
Fecha de publicación, distribución, etc. 1845.
300 ## - DESCRIPCIÓN FÍSICA
Extensión 2 v. ;
Dimensiones 22 cm.
597 #1 - NOTA DE DESCRIPCIÓN FÍSICA
NOTA DE DESCRIPCIÓN FÍSICA Antep.
597 #1 - NOTA DE DESCRIPCIÓN FÍSICA
NOTA DE DESCRIPCIÓN FÍSICA Fin tome second et dernier.
650 #7 - PUNTO DE ACCESO ADICIONAL DE MATERIA--TÉRMINO DE MATERIA
Término de materia o nombre geográfico como elemento de entrada Cristianismo
Fuente del encabezamiento o término embne
9 (RLIN) 11425
752 ## - ENTRADA AGREGADA--NOMBRE JERÁRQUICO DEL LUGAR
País o entidad superior Francia -
Ciudad París
852 ## - LOCALIZACIÓN
Ubicación ES-MaACL
Número de control de estantería G-14086
Nota libre -- Enc. hol.
condición física -- Sólo el t. II (420 p.)
Encuadernación -- Edic: Completar T260: (Boussac: Imprimerie de Pierre Leroux)
Holdings
Estatus retirado Estado de pérdida Estado de daño No para préstamo Colección Biblioteca de origen Biblioteca actual Ubicación en estantería Fecha de adquisición Fuente de adquisición Total de préstamos Signatura topográfica completa Código de barras Visto por última vez Precio de reemplazo Tipo de ítem Koha
        Libros del s. XIX Biblioteca del Ateneo de Madrid Biblioteca del Ateneo de Madrid Sala Pecera Planta 3 17/01/2008     G-14086 1164885 23/02/2023 23/02/2023 Libro impreso antiguo